| 000 | 00558nam a22001937a 4500 | ||
|---|---|---|---|
| 999 |
_c8086 _d8086 |
||
| 003 | OSt | ||
| 005 | 20230315093000.0 | ||
| 008 | 230315b ||||| |||| 00| 0 eng d | ||
| 020 | _a9780702025433 | ||
| 040 | _cDDC | ||
| 082 | _aW50S95m 2002 | ||
| 100 |
_aswhwartz,Lisa;Preece,E.Paul;Hendry,A.Robert; _916474 |
||
| 245 | _aMedical Ethics; Acase based approach | ||
| 260 |
_aLondon. _bSaunders, _c2002. |
||
| 300 |
_a204p; _bill; _c26cm. |
||
| 504 | _anotes ,references, appendices and index are included. | ||
| 650 |
_amedicine. _9324 |
||
| 942 |
_2ddc _cO_SHELF |
||